Haunts in the house / (Record no. 11142)
[ view plain ]
| 000 -LEADER | |
|---|---|
| fixed length control field | 01582cam a22004093a 4500 |
| 001 - CONTROL NUMBER | |
| control field | 12503193 |
| 003 - CONTROL NUMBER IDENTIFIER | |
| control field | OSt |
| 005 - DATE AND TIME OF LATEST TRANSACTION | |
| control field | 20140310182241.0 |
| 008 - FIXED-LENGTH DATA ELEMENTS--GENERAL INFORMATION | |
| fixed length control field | 991006s1999 nyu c 000 1 eng d |
| 010 ## - LIBRARY OF CONGRESS CONTROL NUMBER | |
| LC control number | 2001567019 |
| 020 ## - INTERNATIONAL STANDARD BOOK NUMBER | |
| International Standard Book Number | 0671028197 (pbk.) |
| 035 ## - SYSTEM CONTROL NUMBER | |
| System control number | (OCoLC)ocm42581354 |
| 040 ## - CATALOGING SOURCE | |
| Original cataloging agency | JED |
| Transcribing agency | JED |
| Modifying agency | SLC |
| -- | LEO |
| -- | DLC |
| 042 ## - AUTHENTICATION CODE | |
| Authentication code | lccopycat |
| 050 ## - LIBRARY OF CONGRESS CALL NUMBER | |
| Classification number | PZ 7 |
| Item number | .V953s27 1999 |
| 082 ## - DEWEY DECIMAL CLASSIFICATION NUMBER | |
| Classification number | FIC# |
| Item number | SAB #27 |
| 100 1# - MAIN ENTRY--PERSONAL NAME | |
| Personal name | Vornholt, John. |
| 9 (RLIN) | 4334 |
| 245 10 - TITLE STATEMENT | |
| Title | Haunts in the house / |
| Statement of responsibility, etc | John Vornholt. |
| 260 ## - PUBLICATION, DISTRIBUTION, ETC. (IMPRINT) | |
| Place of publication, distribution, etc | New York : |
| Name of publisher, distributor, etc | Pocket Books, |
| Date of publication, distribution, etc | c1999. |
| 300 ## - PHYSICAL DESCRIPTION | |
| Extent | 134 p. ; |
| Dimensions | 18 cm. |
| 440 ## - SERIES STATEMENT/ADDED ENTRY--TITLE | |
| Title | Sabrina the teenage witch |
| Number of part/section of a work | #27 |
| 9 (RLIN) | 19090 |
| 500 ## - GENERAL NOTE | |
| General note | "An Archway paperback." |
| 500 ## - GENERAL NOTE | |
| General note | "Based on the television series Sabrina, the teenage witch." |
| 650 #0 - SUBJECT ADDED ENTRY--TOPICAL TERM | |
| Topical term or geographic name as entry element | Witches |
| Form subdivision | Juvenile fiction. |
| 9 (RLIN) | 19091 |
| 655 #7 - INDEX TERM--GENRE/FORM | |
| Genre/form data or focus term | Young adult fiction. |
| Source of term | lcsh |
| 9 (RLIN) | 3735 |
| 655 #7 - INDEX TERM--GENRE/FORM | |
| Genre/form data or focus term | Occult fiction. |
| Source of term | gsafd |
| 9 (RLIN) | 3399 |
| 710 2# - ADDED ENTRY--CORPORATE NAME | |
| Corporate name or jurisdiction name as entry element | Copyright Paperback Collection (Library of Congress) |
| Institution to which field applies | DLC |
| 9 (RLIN) | 705 |
| 730 0# - ADDED ENTRY--UNIFORM TITLE | |
| Uniform title | Sabrina, the teenage witch (Television program) |
| 9 (RLIN) | 6624 |
| 830 #0 - SERIES ADDED ENTRY--UNIFORM TITLE | |
| Uniform title | Sabrina, the teenage witch (Young adult series) ; |
| Volume number/sequential designation | 27. |
| 9 (RLIN) | 19092 |
| 856 42 - ELECTRONIC LOCATION AND ACCESS | |
| Materials specified | Contributor biographical information |
| Uniform Resource Identifier | <a href="http://www.loc.gov/catdir/bios/simon053/2001567019.html">http://www.loc.gov/catdir/bios/simon053/2001567019.html</a> |
| 856 42 - ELECTRONIC LOCATION AND ACCESS | |
| Materials specified | Publisher description |
| Uniform Resource Identifier | <a href="http://www.loc.gov/catdir/description/simon051/2001567019.html">http://www.loc.gov/catdir/description/simon051/2001567019.html</a> |
| 856 41 - ELECTRONIC LOCATION AND ACCESS | |
| Materials specified | Sample text |
| Uniform Resource Identifier | <a href="http://www.loc.gov/catdir/enhancements/fy0645/2001567019-s.html">http://www.loc.gov/catdir/enhancements/fy0645/2001567019-s.html</a> |
| 906 ## - LOCAL DATA ELEMENT F, LDF (RLIN) | |
| a | 7 |
| b | cbc |
| c | copycat |
| d | 2 |
| e | ncip |
| f | 20 |
| g | y-genrareb |
| 942 ## - ADDED ENTRY ELEMENTS (KOHA) | |
| Source of classification or shelving scheme | Library of Congress Classification |
| Koha item type | |
| Withdrawn status | Lost status | Source of classification or shelving scheme | Damaged status | Home library | Current library | Shelving location | Date acquired | Total Checkouts | Full call number | Barcode | Date last seen | Copy number | Price effective from | Koha item type |
|---|---|---|---|---|---|---|---|---|---|---|---|---|---|---|
| Library of Congress Classification | Luxembourg Library | Luxembourg Library | Fiction Section | 09/13/2013 | PZ 7 .V953s27 1999 | 14139 | 02/07/2015 | 1 | 09/13/2013 | Books |